| 000 | 00562cam a2200193ua 4500 | ||
|---|---|---|---|
| 001 | 1191 | ||
| 008 | 110613n ii |||gr||||Z||||||asm | ||
| 040 | _cMAIN | ||
| 082 | _a332.4 | ||
| 245 | 1 | 0 |
_aMudra, bank baybastha aru antarjatik banijya _cby Nanigopal Goswami |
| 250 | _a2nd ed. | ||
| 260 |
_aGuwahati: _bJyoti prakashan,995. |
||
| 300 |
_a688p.: _bill.; _c35cm. |
||
| 653 | _aEconomics | ||
| 653 | _aMudra, bank baybastha aru antarjatik banijya | ||
| 653 | _aMoney, banking and international trade | ||
| 700 | 1 |
_aGoswami, Nanigopal, _eAuthor. |
|
| 942 | _cBK | ||
| 999 |
_c1101 _d1101 |
||